The noble scholar, jurist, historian


 His Excellency Dr. Abdul Wahhab bin Ibrahim Abu Sulaiman, may Allah have mercy on him.


 He was born in Umm Al-Qura in the year 1356 AH.

دليل مباحث علوم القرآن المجيد، أو، الحجج الواضحات في الدلالة على مواضع علوم الآيات / (Record no. 14806)

MARC details
000 -LEADER
fixed length control field 01176cam a2200265 i 4500
003 - CONTROL NUMBER IDENTIFIER
control field SA-RiAUC
005 - DATE AND TIME OF LATEST TRANSACTION
control field 20260415151816.0
008 - FIXED-LENGTH DATA ELEMENTS--GENERAL INFORMATION
fixed length control field 260113s1956 le g 00010 ara c
040 ## - CATALOGING SOURCE
Original cataloging agency SA-MaUQU
Language of cataloging ara
Transcribing agency SA-RiAUC
Description conventions rda
082 04 - DEWEY DECIMAL CLASSIFICATION NUMBER
Classification number 220
Assigning agency SA-RiAUC
090 ## - LOCALLY ASSIGNED LC-TYPE CALL NUMBER (OCLC); LOCAL CALL NUMBER (RLIN)
Classification number (OCLC) (R) ; Classification number, CALL (RLIN) (NR) م ن 220
Local cutter number (OCLC) ; Book number/undivided call number, CALL (RLIN) ع ز و
100 1# - MAIN ENTRY--PERSONAL NAME
Personal name العزوزي، محمد العربي بن محمد المهدي بن محمد العربي،
Dates associated with a name 1890-1963
Relator term مؤلف.
245 10 - TITLE STATEMENT
Title دليل مباحث علوم القرآن المجيد، أو، الحجج الواضحات في الدلالة على مواضع علوم الآيات /
Statement of responsibility, etc. تأليف محمد العربي العزوزي.
246 33 - VARYING FORM OF TITLE
Title proper/short title الحجج الواضحات في الدلالة على مواضع علوم الآيات
264 #1 - PRODUCTION, PUBLICATION, DISTRIBUTION, MANUFACTURE, AND COPYRIGHT NOTICE
Place of production, publication, distribution, manufacture بيروت :
Name of producer, publisher, distributor, manufacturer دار الإنصاف،
Date of production, publication, distribution, manufacture, or copyright notice 1956
300 ## - PHYSICAL DESCRIPTION
Extent 256 صفحة ؛
Dimensions 29 سم
336 ## - CONTENT TYPE
Content type term نص
Content type code txt
Source rdacontent
Materials specified كتاب
337 ## - MEDIA TYPE
Media type term بدون وسيط
Media type code n
Source rdamedia
338 ## - CARRIER TYPE
Carrier type term مجلد
Carrier type code nc
Source rdacarrier
630 27 - SUBJECT ADDED ENTRY--UNIFORM TITLE
Uniform title القرآن
General subdivision علوم
Source of heading or term aucut
630 07 - SUBJECT ADDED ENTRY--UNIFORM TITLE
Uniform title القرآن
Form subdivision فهارس
Source of heading or term aucut
730 22 - ADDED ENTRY--UNIFORM TITLE
Uniform title القرآن
942 ## - ADDED ENTRY ELEMENTS (KOHA)
Source of classification or shelving scheme Dewey Decimal Classification
Koha item type كتاب مصور نادر
Suppress in OPAC No
949 ## - LOCAL PROCESSING INFORMATION (OCLC)
a SA-JeALM
d 260113
u mohamedma123
n 1
Holdings
Withdrawn status Lost status Source of classification or shelving scheme Damaged status Not for loan Home library Current library Date acquired Total checkouts Full call number Barcode Date last seen Price effective from Koha item type
    Dewey Decimal Classification     DR AbdElwahab Library DR AbdElwahab Library 04/15/2026   م ن 220 ع ز و 000023400 04/15/2026 04/15/2026 كتاب مصور نادر